|
|
|
|
| LEADER |
00000nam0a2200000 4500 |
| 001 |
321447 |
| 005 |
20231102003357.0 |
| 010 |
|
|
|a 9785991675260
|
| 035 |
|
|
|a (RuTPU)RU\TPU\book\347002
|
| 090 |
|
|
|a 321447
|
| 100 |
|
|
|a 20160825d2016 m y0rusy50 ca
|
| 101 |
0 |
|
|a rus
|
| 102 |
|
|
|a RU
|
| 105 |
|
|
|a a j 001zy
|
| 200 |
1 |
|
|a Теория межкультурной коммуникации
|e учебник и практикум для академического бакалавриата
|f Высшая школа экономики (ВШЭ), Национальный исследовательский университет (НИУ) ; под ред. Ю. В. Таратухиной ; С. Н. Безус
|
| 210 |
|
|
|a Москва
|c Юрайт
|d 2016
|
| 215 |
|
|
|a 266 с.
|c ил.
|
| 225 |
1 |
|
|a Бакалавр. Академический курс
|
| 320 |
|
|
|a Библиогр. в конце гл.
|
| 330 |
|
|
|a В учебнике раскрыты теоретические вопросы межкультурных коммуникаций, такие как специфика вербального и невербального общения, основы кросс-культурной психологии, кросс-культурного менеджмента, особенности образования в кросс-культурном контексте и др.Теоретическая часть учебника дополнена вопросами для самопроверки. В конце учебника приводится практикум, содержащий задания для групповой работы студентов и тест на знание особенностей межкультурных коммуникаций.Соответствует актуальным требованиям Федерального государственного образовательного стандарта высшего образования.Книга предназначена для студентов гуманитарных направлений, а также для всех, интересующихся проблематикой межкультурного общения.
|
| 606 |
1 |
|
|a Межкультурная коммуникация
|x Общие вопросы
|2 stltpush
|3 (RuTPU)RU\TPU\subj\67936
|9 83528
|
| 610 |
1 |
|
|a культура
|
| 610 |
1 |
|
|a коммуникации
|
| 610 |
1 |
|
|a история
|
| 610 |
1 |
|
|a постиндустриальное общество
|
| 610 |
1 |
|
|a кросс-культурная психология
|
| 610 |
1 |
|
|a кросс-культурный менеджмент
|
| 610 |
1 |
|
|a управление
|
| 610 |
1 |
|
|a межкультурное общение
|
| 610 |
1 |
|
|a риторика
|
| 610 |
1 |
|
|a этика
|
| 610 |
1 |
|
|a кросс-культурный анализ
|
| 610 |
1 |
|
|a интернет-коммуникации
|
| 610 |
1 |
|
|a игра
|
| 610 |
1 |
|
|a мифы
|
| 610 |
1 |
|
|a сказки
|
| 610 |
1 |
|
|a обучение
|
| 610 |
1 |
|
|a учебники
|
| 610 |
1 |
|
|a практикумы
|
| 686 |
|
|
|a Ч114я73
|v LBC/SL-A
|2 rubbk
|
| 702 |
|
1 |
|a Таратухина
|b Ю. В.
|g Юлия Валерьевна
|4 340
|
| 702 |
|
1 |
|a Безус
|b С. Н.
|g Светлана Николаевна
|4 340
|
| 712 |
0 |
2 |
|a Высшая школа экономики (ВШЭ)
|b Национальный исследовательский университет (НИУ)
|c (Москва)
|c (2010- )
|2 stltpush
|3 (RuTPU)RU\TPU\col\17951
|
| 801 |
|
1 |
|a RU
|b 63413507
|c 20160825
|
| 801 |
|
2 |
|a RU
|b 63413507
|c 20160929
|g RCR
|
| 900 |
|
|
|a Межкультурный менеджмент
|
| 900 |
|
|
|a Межличностное общение
|
| 900 |
|
|
|a Коммуникация и ее разновидности
|
| 942 |
|
|
|c BK
|
| 951 |
|
|
|l 8.1
|
| 959 |
|
|
|a 56/20160824
|d 1
|e 599,00
|f ЧЗГЛ:1
|